LEADER 02094nam 2200577 450 001 9910809025203321 005 20230126213052.0 010 $a0-87462-816-4 035 $a(CKB)3710000000445845 035 $a(EBL)3563978 035 $a(SSID)ssj0001529930 035 $a(PQKBManifestationID)12556830 035 $a(PQKBTitleCode)TC0001529930 035 $a(PQKBWorkID)11523350 035 $a(PQKB)11495749 035 $a(MiAaPQ)EBC3563978 035 $a(Au-PeEL)EBL3563978 035 $a(CaPaEBR)ebr11078180 035 $a(OCoLC)929504110 035 $a(EXLCZ)993710000000445845 100 $a20120821h20122012 uy| 0 101 0 $aeng 135 $aur|n|---||||| 181 $ctxt 182 $cc 183 $acr 200 10$aDe-facing the other $ereason, ethics, & politics after difference /$fStephen Minister 210 1$aMilwaukee, Wisconsin :$cMarquette University Press,$d[2012] 210 4$dİ2012 215 $a1 online resource (288 p.) 225 1 $aMarquette studies in philosophy ;$vnumber 77 300 $aDescription based upon print version of record. 311 $a0-87462-815-6 320 $aIncludes bibliographical references and index. 327 $a""Contents""; ""List of Abbreviations""; ""Introduction""; ""Chapter 1 Nihilism and Contemporary Philosophy""; ""Chapter 2 The Source of Meaning: A Levinasian Interpretation""; ""Chapter 3 Responsibility in Context""; ""Chapter 4 A Renewed Faith in Reason""; ""Chapter 5 Moral Obligations and the Good Life""; ""Chapter 6 Toward Social Justice""; ""Bibliography""; ""Index"" 410 0$aMarquette studies in philosophy ;$v#77. 606 $aOther (Philosophy) 606 $aDifference (Philosophy) 606 $aSocial justice 615 0$aOther (Philosophy) 615 0$aDifference (Philosophy) 615 0$aSocial justice. 676 $a194 700 $aMinister$b Stephen$01713788 801 0$bMiAaPQ 801 1$bMiAaPQ 801 2$bMiAaPQ 906 $aBOOK 912 $a9910809025203321 996 $aDe-facing the other$94107044 997 $aUNINA